Science Quiz

Random Science or Biology Quiz

Picking the Flowers Quiz Stats

 Plays Quiz Updated Nov 5, 2017

Score 0/40 Timer 07:00
20 Plays Today
% Correct
Sunflower
90.2%
Rose
88.4%
Tulip
86.9%
Daffodil
76.7%
Bird of Paradise
74.2%
Easter Lily
72.8%
Buttercup
72.8%
Poppy
71.6%
Water Lily
71.5%
Lavender
71.1%
Beavertail Cactus
70.5%
Lotus
70%
Common Bluebell
68.2%
Pansy
66.8%
Periwinkle
66.8%
Carnation
61.4%
Hyacinth
59.8%
Gerber Daisy
58.7%
Tiger Lily
58.1%
Cockscomb
55.3%
% Correct
Gladiolus
53.4%
Lilac
52%
Dahlia
51.7%
Jasmine
49.3%
Orchid
48.5%
Globe Amaranth
47.9%
Peony
47.7%
Aster
47.3%
Hibiscus
46.7%
Morning Glory
46.2%
Bougainvillea
46%
Calendula
40.3%
Petunia
39.6%
Canna
38.8%
Ixora
36.7%
Dianthus
35.9%
Arum Lily
34.1%
Nerium Oleander
30.6%
Poppy Mallow
28.4%
Plumeria
27.3%

You're not logged in!

Compare scores with friends on all Sporcle quizzes.
OR
Log In

You Might Also Like...

Show Comments

Extras

Top Quizzes Today


Score Distribution

Your Account Isn't Verified!

In order to create a playlist on Sporcle, you need to verify the email address you used during registration. Go to your Sporcle Settings to finish the process.

Report this User

Report this user for behavior that violates our Community Guidelines.

Details: